Využitie vedľajších produktov pri spracovaní ovocia a zeleniny vo výžive bakalárska práca CD

Guardado en:
Detalles Bibliográficos
Autor principal: Valeková, Anna
Formato: Software Libro
Lenguaje:eslovaco
Publicado: Bratislava FCHPT STU 2013
Acceso en línea:Ver en el OPAC
Etiquetas: Agregar Etiqueta
Sin Etiquetas, Sea el primero en etiquetar este registro!

MARC

LEADER 00000nam a2200000 a 4500
005 20260127134114.0
007 co ugu
008 131015 2013 000 0 slo d
035 |a vtls010550816 
039 9 |y 201310151124  |z mschk03 
040 |a STUSCHK1  |b slo  |c STUSCHK1  |e AACR2 
100 1 |a Valeková, Anna 
245 1 |a Využitie vedľajších produktov pri spracovaní ovocia a zeleniny vo výžive  |b bakalárska práca CD  |c Anna Valeková 
260 |a Bratislava  |b FCHPT STU  |c 2013 
300 |a 1 optický disk 
500 |a Obhájené: 09.07.2013 
500 |a Štud. program: Výživa-kozmetia-ochrana zdravia 
500 |a Štud. odbor: Potravinárstvo 
500 |a Škol. pracovisko: Odd. potravinárskej technológie 
500 |a Evid. číslo: FCHPT-13046-43657 
910 |a SCHK95 
999 |c 4214  |d 4214